[Event "HUN-chT2 Toth 0405"]
[Site "Hungary"]
[Date "2004.09.26"]
[Round "1"]
[White "Vass, Gyula"]
[Black "Papp, Balazs"]
[Result "1-0"]
[WhiteElo "2002"]
[BlackElo "2006"]
[PlyCount "130"]
[EventDate "2004.09.26"]
[EventType "team"]
[EventRounds "11"]
[EventCountry "HUN"]
[SourceTitle "EXT 2009"]
[Source "ChessBase"]
[SourceDate "2008.11.26"]
[SourceVersion "1"]
[SourceVersionDate "2008.11.26"]
[SourceQuality "1"]
[WhiteTeam "Battonya"]
[BlackTeam "Maroczy"]
[WhiteTeamCountry "HUN"]
[BlackTeamCountry "HUN"]

1. e4 c5 2. Nf3 Nc6 3. d4 cxd4 4. Nxd4 Nf6 5. Nc3 e5 6. Nf5 d5 7. exd5 Bxf5 8. dxc6 bxc6 9. Qf3 Qd7 10. Bg5 Nd5 11. Rd1 Bg4 12. Qe4 Bxd1 13. Nxd5 Qxd5 14. Qxd5 Bb4+ 15. Kxd1 cxd5 16. Bb5+ Kf8 17. Bc6 Rb8 18. Bxd5 Bc5 19. b3 f6 20. Be3 Bxe3 21. fxe3 Ke7 22. c4 f5 23. h4 a5 24. Kc2 h6 25. h5 Rb6 26. Kc3 g5 27. a3 Rhb8 28. Rb1 Kd6 29. b4 axb4+ 30. axb4 Ra6 31. Kb3 Rab6 32. Kc3 Ra6 33. Kb3 e4 34. Rd1 Ke5 35. g3 f4 36. gxf4+ gxf4 37. Rd4 fxe3 38. Rxe4+ Kf5 39. Rxe3 Kg4 40. Re5 Rab6 41. b5 Kf4 42. Re7 Kg5 43. Bf3 Rxb5+ 44. cxb5 Rxb5+ 45. Kc4 Kf6 46. Rh7 Rf5 47. Rxh6+ Kg7 48. Rg6+ Kh8 49. Bg4 Ra5 50. Kd4 Rb5 51. Ke4 Ra5 52. Kf4 Ra8 53. Kg5 Rg8 54. Be6 Rf8 55. Bb3 Rc8 56. Kf6 Rc6+ 57. Be6 Rc7 58. Kg5 Rg7 59. Bf5 Rf7 60. Re6 Rg7+ 61. Bg6 Rg8 62. Re7 Rd8 63. Kh6 Rb8 64. Rh7+ Kg8 65. Bf7+ Kf8 1-0